Los pobres y la supervivencia del orden transnacional. Debate sobre el NOEI y propuestas de McNamara y Brandt
Guardat en:
| Autor principal: | |
|---|---|
| Format: | Text |
| Publicat: |
La Habana:
Palacio de las Convenciones
|
| Matèries: | |
| Etiquetes: |
Afegir etiqueta
Sense etiquetes, Sigues el primer a etiquetar aquest registre!
|
MARC
| LEADER | 00000 a a2200000 04500 | ||
|---|---|---|---|
| 001 | 14053 | ||
| 003 | |||
| 040 | |||
| 090 | |a 0001 S456s | ||
| 100 | |a Estevez V, Jaime | ||
| 245 | |a Los pobres y la supervivencia del orden transnacional. Debate sobre el NOEI y propuestas de McNamara y Brandt | ||
| 260 | |a La Habana: |b Palacio de las Convenciones | ||
| 300 | |a 21 p | ||
| 650 | |a INFORMES | ||
| 650 | |a TERCER MUNDO | ||
| 650 | |a CAPITALISMO | ||
| 650 | |a CRISIS ECONOMICA | ||
| 650 | |a POLITICA ECONOMICA | ||
| 650 | |a RELACIONES ECONOMICAS INTERNACIONALES | ||
| 650 | |a ORDEN ECONOMICO INTERNACIONAL | ||
| 650 | |a EMPRESAS TRANSNACIONALES | ||
| 650 | |a INDUSTRIALIZACION | ||
| 650 | |a MUNDO | ||
| 999 | |c 15911 |d 15911 | ||
